000 00422cam a2200157ua 4500
041 _aeng
_h
082 _a510
_bHOG/MA
100 _aHogben, Lancelot .
245 _aMathematics for the million: A popular self educator /
_cLancelot Hogben.
_hTextual Documents
250 _a1 /
_b.
260 _aLondon :
_bGeorge Allen & Unwin Ltd ,
_c1936.
300 _a694 ; .
504 _a
942 _cBK
999 _c10185
_d10185